[Event "Int. Stuttgarter Stadtmeisterschaft C"]
[Site "Ditzingen"]
[Date "2016.05.06"]
[Round "3.11"]
[White "Kalwei, Reinhard"]
[Black "Hammann, Peter"]
[Result "0-1"]
[WhiteElo "1453"]
[BlackElo "1062"]
[PlyCount "84"]
[EventDate "2016.??.??"]
[WhiteTeam "SC Aidlingen"]
[BlackTeam "Rochade Metzingen"]

1. e4 e5 2. Nf3 Nc6 3. d4 Nxd4 4. Nxd4 exd4 5. Qxd4 c5 6. Qd1 b6 7. Bf4 Bb7 8.
Nd2 Qf6 9. Bg3 Bd6 10. e5 Bxe5 11. Qe2 d6 12. Bxe5 Qxe5 13. Qxe5+ dxe5 14. Nc4
O-O-O 15. Ne3 Ne7 16. Bc4 f6 17. O-O Kc7 18. a4 a5 19. Rfd1 h5 20. c3 f5 21. f3
f4 22. Nc2 h4 23. b4 h3 24. gxh3 Rxd1+ 25. Rxd1 Bxf3 26. Rd2 Bc6 27. bxa5 bxa5
28. Bb5 Rxh3 29. c4 e4 30. Rg2 g6 31. Rg5 Kd6 32. Kg2 Rc3 33. Ne1 Rc1 34. Kf1
Bxb5 35. cxb5 Rb1 36. h4 Rb4 37. h5 gxh5 38. Rxh5 Rxa4 39. Rh6+ Kd5 40. b6 Rb4
41. Rh5+ Kc4 42. Re5 Nc6 0-1

[Event "Int. Stuttgarter Stadtmeisterschaft C"]
[Site "Ditzingen"]
[Date "2016.05.06"]
[Round "3.12"]
[White "Dimitrov, Leon"]
[Black "Jünk, Ellen"]
[Result "0-1"]
[WhiteElo "1033"]
[BlackElo "1449"]
[PlyCount "120"]
[EventDate "2016.??.??"]
[WhiteTeam "SF Freiberg"]
[BlackTeam "SC Leinzell"]

1. e4 e5 2. Nf3 Nc6 3. Bc4 Nf6 4. Nc3 Bc5 5. d3 h6 6. Be3 Bb6 7. d4 exd4 8.
Bxd4 d6 9. h3 O-O 10. Bd5 Nxd4 11. Nxd4 Ba5 12. Qf3 Re8 13. O-O c6 14. Bc4 Bxc3
15. bxc3 Rxe4 16. Rae1 d5 17. Bd3 Re7 18. Re2 Rxe2 19. Qxe2 c5 20. Nf5 c4 21.
Qe7 Bxf5 22. Qxd8+ Rxd8 23. Bxf5 Re8 24. Rb1 b6 25. g4 g6 26. g5 hxg5 27. Bg4
Nxg4 28. hxg4 f5 29. gxf5 gxf5 30. Rd1 Re5 31. Kg2 Kf7 32. Rf1 Re2 33. Rd1 Ke6
34. Kg3 Rxc2 35. Re1+ Kf6 36. f4 Rxc3+ 37. Kg2 Rc2+ 38. Kf3 gxf4 39. Kxf4 Rf2+
40. Kg3 Rxa2 41. Re3 Rb2 42. Kf4 Rf2+ 43. Rf3 Rxf3+ 44. Kxf3 Ke5 45. Ke3 d4+
46. Kd2 Ke4 47. Ke2 d3+ 48. Kd2 f4 49. Ke1 Ke3 50. Kd1 d2 51. Kc2 Ke2 52. Kc3
d1=Q 53. Kxc4 b5+ 54. Kxb5 Qc2 55. Kb4 a5+ 56. Ka3 Qc3+ 57. Ka2 Qb4 58. Ka1 Kd2
59. Ka2 Kc2 60. Ka1 Qa3# 0-1

[Event "Int. Stuttgarter Stadtmeisterschaft C"]
[Site "Ditzingen"]
[Date "2016.05.06"]
[Round "3.13"]
[White "Hoffmann, Simon"]
[Black "Winkler, Robert"]
[Result "0-1"]
[WhiteElo "1013"]
[BlackElo "1413"]
[PlyCount "60"]
[EventDate "2016.??.??"]
[WhiteTeam "Schach-Kids Bernhausen"]
[BlackTeam "SC Kreut"]

1. e4 e6 2. Nf3 d5 3. exd5 exd5 4. d4 Nf6 5. Bd3 Bd6 6. h3 O-O 7. O-O Nc6 8.
Bg5 Re8 9. Bxf6 Qxf6 10. c3 Ne7 11. Re1 c6 12. Nbd2 Rb8 13. Rb1 Rf8 14. Qc2 h6
15. b3 Nf5 16. g4 Nh4 17. Nxh4 Qxh4 18. Bf1 Bxg4 19. Qd3 Be6 20. c4 Qf4 21. Nf3
Bf5 22. Qc3 Bxb1 23. Rxb1 dxc4 24. bxc4 Rfe8 25. c5 Bc7 26. a4 Re6 27. Kh1 b6
28. Ba6 Qf5 29. Nd2 Qxf2 30. Nf3 Re3 0-1

[Event "Int. Stuttgarter Stadtmeisterschaft C"]
[Site "Ditzingen"]
[Date "2016.05.06"]
[Round "3.14"]
[White "Hdya, Mohammad"]
[Black "Winterkorn, Nikolaus"]
[Result "0-1"]
[WhiteElo "823"]
[BlackElo "1376"]
[PlyCount "92"]
[EventDate "2016.??.??"]
[WhiteTeam "SF Freiberg"]
[BlackTeam "DJK Sportbund Stgt."]

1. e4 e5 2. Nf3 d6 3. Bc4 Bg4 4. h3 Bh5 5. d3 Be7 6. Qe2 a6 7. Nc3 Bxf3 8. Qxf3
Nf6 9. Nd5 Nbd7 10. Bg5 c6 11. Nxe7 Qxe7 12. O-O-O O-O 13. g4 h6 14. Be3 b5 15.
Bb3 a5 16. a4 Rfc8 17. g5 hxg5 18. Bxg5 bxa4 19. Bxa4 Rab8 20. h4 Rb4 21. b3
Qe6 22. Rdg1 Nh7 23. h5 Nb6 24. h6 g6 25. Bd2 Rxa4 26. bxa4 Nxa4 27. Bxa5 Ra8
28. Bc7 Qe7 29. Qh5 Qxc7 30. Rxg6+ fxg6 31. Qxg6+ Kf8 32. Qf5+ Qf7 33. Qg4 Qf4+
34. Qxf4+ exf4 35. Rg1 Ra7 36. Rg4 Rf7 37. Kb1 Nb6 38. c4 Nd7 39. d4 Nb6 40. c5
dxc5 41. dxc5 Nd7 42. Rg6 Nhf6 43. h7 Rxh7 44. e5 Kf7 45. Rxf6+ Nxf6 46. exf6
Kxf6 0-1

[Event "Int. Stuttgarter Stadtmeisterschaft C"]
[Site "Ditzingen"]
[Date "2016.05.06"]
[Round "3.15"]
[White "Höhne, Christoph"]
[Black "Gazitepe, Deniz"]
[Result "1-0"]
[WhiteElo "1329"]
[BlackElo "1028"]
[PlyCount "65"]
[EventDate "2016.??.??"]
[WhiteTeam "SC Ingersheim"]
[BlackTeam "SV Altbach"]

1. d4 d5 2. Nf3 Nc6 3. e3 Bf5 4. c4 Nf6 5. Nc3 e6 6. a3 dxc4 7. Bxc4 Be7 8. O-O
O-O 9. Re1 Ne4 10. Bd3 Nxc3 11. bxc3 Bxd3 12. Qxd3 Re8 13. e4 Qd7 14. Bf4 Rad8
15. e5 f6 16. exf6 Bxf6 17. Ng5 g6 18. Ne4 e5 19. Nxf6+ Kg7 20. Nxd7 exf4 21.
Rxe8 Rxe8 22. Ne5 Nxe5 23. dxe5 Rxe5 24. h3 Re7 25. Qd4+ Kf7 26. Qxf4+ Kg7 27.
Kf1 c5 28. Re1 Rd7 29. Qe5+ Kf7 30. Qxc5 b6 31. Qc4+ Kg7 32. Qd4+ Rxd4 33. cxd4
1-0

[Event "Int. Stuttgarter Stadtmeisterschaft C"]
[Site "Ditzingen"]
[Date "2016.05.06"]
[Round "3.16"]
[White "Maly, Jan"]
[Black "Hoffmann, Julian"]
[Result "0-1"]
[WhiteElo "1268"]
[BlackElo "912"]
[PlyCount "72"]
[EventDate "2016.??.??"]
[WhiteTeam "SF Kornwestheim"]
[BlackTeam "Schach-Kids Bernhausen"]

1. e4 c5 2. Nf3 d6 3. Bc4 e6 4. Nc3 Nc6 5. d3 Nf6 6. Qe2 g6 7. Bg5 Bg7 8. O-O-O
a6 9. a3 b5 10. Ba2 Qa5 11. Nb1 b4 12. Bd2 Rb8 13. e5 dxe5 14. Nxe5 Qb5 15. Nc4
O-O 16. h3 Na5 17. Bf4 Ra8 18. Nbd2 Nd7 19. g4 bxa3 20. b3 Qb4 21. Ne4 Nxc4 22.
dxc4 f5 23. Bd2 Qb6 24. Ng5 Nb8 25. Qe3 e5 26. gxf5 Bxf5 27. h4 Nc6 28. c3 Rab8
29. f4 Na5 30. b4 Nc6 31. h5 a5 32. b5 Na7 33. fxe5 Nxb5 34. cxb5+ Kh8 35. c4
Rfe8 36. Qg3 Kg8 0-1

[Event "Int. Stuttgarter Stadtmeisterschaft C"]
[Site "Ditzingen"]
[Date "2016.05.06"]
[Round "3.17"]
[White "Lin, Nathanael"]
[Black "Günther, Niclas"]
[Result "0-1"]
[WhiteElo "756"]
[BlackElo "1213"]
[PlyCount "42"]
[EventDate "2016.??.??"]
[WhiteTeam "SC Sillenbuch"]
[BlackTeam "SF Freiberg"]

1. e4 e5 2. Nf3 Nc6 3. Bc4 Nf6 4. Nc3 Bc5 5. O-O d6 6. Ng5 O-O 7. Nd5 Nxd5 8.
Qh5 Nf6 9. Qh4 h6 10. Nf3 Ne7 11. Rd1 Ng6 12. Qg3 Nxe4 13. Qxg6 Nxf2 14. Rf1 d5
15. Be2 fxg6 16. Rxf2 Bxf2+ 17. Kxf2 e4 18. d3 exf3 19. gxf3 Qh4+ 20. Ke3 Re8+
21. Kd2 Qxh2 0-1

[Event "Int. Stuttgarter Stadtmeisterschaft C"]
[Site "Ditzingen"]
[Date "2016.05.06"]
[Round "3.24"]
[White "Lettenbichler, Leon"]
[Black "Küfner, Matthias"]
[Result "1-0"]
[WhiteElo "1198"]
[BlackElo "824"]
[PlyCount "101"]
[EventDate "2016.??.??"]
[WhiteTeam "TV Tegernsee"]
[BlackTeam "SV Dicker Turm Esslingen"]

1. e4 e5 2. Nf3 Nc6 3. d4 exd4 4. Nxd4 Qf6 5. c3 Bc5 6. Be3 Nge7 7. Bc4 O-O 8.
O-O d6 9. Qd3 Qg6 10. Nxc6 Nxc6 11. Bxc5 dxc5 12. f3 Be6 13. Bxe6 Qxe6 14. Na3
a6 15. Qe3 Qe7 16. Rfd1 Rad8 17. Nc4 b5 18. Na3 c4 19. Nc2 Rd6 20. Rxd6 cxd6
21. Qb6 Nb8 22. Rd1 d5 23. Rxd5 h6 24. Nb4 Qh4 25. Rd1 Nd7 26. Qxa6 Nc5 27.
Qxb5 Nd3 28. g3 Qe7 29. Nxd3 cxd3 30. Qxd3 Qa7+ 31. Kf1 Qxa2 32. Qd2 Rb8 33. b4
Qc4+ 34. Qd3 Qe6 35. b5 Qh3+ 36. Kg1 Ra8 37. Qf1 Qe6 38. c4 Ra2 39. Qd3 Qb6+
40. Qd4 Qe6 41. g4 h5 42. Qd5 Qb6+ 43. Qd4 Qg6 44. Qd6 Qg5 45. Qd8+ Qxd8 46.
Rxd8+ Kh7 47. b6 h4 48. b7 h3 49. b8=Q Ra1+ 50. Kf2 Ra2+ 51. Kg3 1-0

[Event "Int. Stuttgarter Stadtmeisterschaft C"]
[Site "Ditzingen"]
[Date "2016.05.06"]
[Round "3.26"]
[White "Toma, Yanis"]
[Black "Wippermann, Tim"]
[Result "1-0"]
[WhiteElo "1319"]
[BlackElo "782"]
[PlyCount "36"]
[EventDate "2016.??.??"]
[WhiteTeam "Lübecker SV"]
[BlackTeam "SF Freiberg"]

1. c4 e5 2. d4 d6 3. dxe5 dxe5 4. Qxd8+ Kxd8 5. Nc3 Nc6 6. Bd2 Bf5 7. e4 Nd4 8.
O-O-O Bg4 9. f3 Be6 10. Nh3 Be7 11. Be3 c5 12. Ng5 Nh6 13. Nxe6+ fxe6 14. g3
Kc7 15. Bg2 Rad8 16. h3 Rhf8 17. f4 exf4 18. Bxf4+ Bd6 {Zeitüberschreitung}
1-0

[Event "Int. Stuttgarter Stadtmeisterschaft C"]
[Site "Ditzingen"]
[Date "2016.05.06"]
[Round "3.27"]
[White "Acar, Lukas"]
[Black "Klein, Werner"]
[Result "1-0"]
[WhiteElo "880"]
[BlackElo "1090"]
[PlyCount "27"]
[EventDate "2016.??.??"]
[WhiteTeam "SF Birkenfeld"]
[BlackTeam "SV Stuttgart-Wolfbusch"]

1. e4 e5 2. Nf3 Nc6 3. Bc4 h6 4. O-O Nf6 5. b3 d5 6. exd5 Nxd5 7. Bb2 Bg4 8.
Nc3 Nxc3 9. Bxc3 Bd6 10. Qe2 O-O 11. Rfe1 Re8 12. Qe4 Qf6 13. Qxg4 e4 14. Bxf6
1-0

[Event "Int. Stuttgarter Stadtmeisterschaft C"]
[Site "Ditzingen"]
[Date "2016.05.06"]
[Round "3.28"]
[White "Abdullah, Danyar"]
[Black "Eid, Sami"]
[Result "0-1"]
[WhiteElo "733"]
[BlackElo "1062"]
[PlyCount "56"]
[EventDate "2016.??.??"]
[WhiteTeam "SV Stuttgart-Wolfbusch"]
[BlackTeam "SF Freiberg"]

1. e4 e5 2. Nf3 Nc6 3. Nc3 Nf6 4. Bc4 Bc5 5. Ng5 O-O 6. O-O h6 7. Nf3 d6 8. d3
Bg4 9. Be3 Nd4 10. Bxd4 Bxd4 11. Nxd4 Bxd1 12. Rfxd1 exd4 13. Nd5 Ng4 14. h3
Ne5 15. f4 Nxc4 16. dxc4 g5 17. Rxd4 gxf4 18. Nxf4 Qf6 19. Ne2 Rfe8 20. Rf1 Qg7
21. Rd3 c5 22. Rxd6 Qxb2 23. Rxh6 Rxe4 24. Rhf6 Rxe2 25. Rxf7 Qxc2 26. R7f5
Rxg2+ 27. Kh1 Rh2+ 28. Kg1 Qg2# 0-1

[Event "Int. Stuttgarter Stadtmeisterschaft C"]
[Site "Ditzingen"]
[Date "2016.05.06"]
[Round "3.30"]
[White "Volpp, Hannes"]
[Black "Schott, Stefano"]
[Result "1-0"]
[WhiteElo "933"]
[BlackElo "744"]
[PlyCount "53"]
[EventDate "2016.??.??"]
[WhiteTeam "GSV Hemmingen"]
[BlackTeam "SF Nabern"]

1. d4 d5 2. Nf3 Nc6 3. Bf4 Bg4 4. Nc3 Nf6 5. Nb5 Bxf3 6. Nxc7+ Kd7 7. Nxa8 Qxa8
8. exf3 e6 9. Bb5 a6 10. Bxc6+ bxc6 11. O-O Bd6 12. Be5 c5 13. Bxd6 Kxd6 14. c3
cxd4 15. Qxd4 Qb8 16. Qb4+ Qxb4 17. cxb4 Rb8 18. a3 Nd7 19. Rac1 Nb6 20. Rc5 a5
21. Rxa5 Rc8 22. Ra6 Rc6 23. b5 Rc5 24. Rxb6+ Kc7 25. Rc6+ Rxc6 26. bxc6 Kxc6
27. Rc1+ 1-0

[Event "Int. Stuttgarter Stadtmeisterschaft C"]
[Site "Ditzingen"]
[Date "2016.05.06"]
[Round "3.31"]
[White "Schott, Abelardo"]
[Black "Kappler, Roswitha"]
[Result "0-1"]
[WhiteElo "913"]
[BlackElo "725"]
[PlyCount "40"]
[EventDate "2016.??.??"]
[WhiteTeam "SF Nabern"]
[BlackTeam "SG Fasanenhof"]

1. e4 e5 2. Nf3 Nc6 3. d4 d6 4. Bb5 Nf6 5. Nc3 a6 6. Bxc6+ bxc6 7. O-O Be7 8.
h3 h6 9. Re1 O-O 10. b3 Be6 11. dxe5 Nh5 12. g4 Qc8 13. Ba3 Qb8 14. gxh5 Bxh3
15. exd6 Bf6 16. dxc7 Qxc7 17. Bxf8 Rxf8 18. Re3 Qf4 19. Nh2 Qg5+ 20. Kh1 Qg2#
0-1

[Event "Int. Stuttgarter Stadtmeisterschaft C"]
[Site "Ditzingen"]
[Date "2016.05.06"]
[Round "4.1"]
[White "Hackner, Felix"]
[Black "Dhaneesh Naduvilayil"]
[Result "1-0"]
[WhiteElo "1339"]
[BlackElo "1350"]
[PlyCount "73"]
[EventDate "2016.??.??"]
[WhiteTeam "SC Kreut"]

1. e4 e5 2. Nf3 Nf6 3. d3 Nc6 4. Be2 d5 5. exd5 Nxd5 6. O-O Bd6 7. Bg5 f6 8.
Bh4 O-O 9. Nbd2 Qe8 10. Ne4 Be7 11. Bg3 f5 12. Nc3 Nxc3 13. bxc3 f4 14. Bh4
Bxh4 15. Nxh4 g5 16. Nf3 g4 17. Nd2 Qg6 18. Re1 h5 19. d4 exd4 20. Bc4+ Kh8 21.
cxd4 Nxd4 22. Bd3 Qg7 23. Ne4 Nf3+ 24. gxf3 gxf3+ 25. Ng3 fxg3 26. hxg3 h4 27.
Re4 Bg4 28. Qc1 Rf6 29. Qb2 Raf8 30. Qb4 Rb6 31. Qe1 hxg3 32. Re8 Rbf6 33. Re7
R6f7 34. Re4 g2 35. Rxg4 Qxg4 36. Qe5+ Rf6 37. Qh2+ 1-0

[Event "Int. Stuttgarter Stadtmeisterschaft C"]
[Site "Ditzingen"]
[Date "2016.05.06"]
[Round "4.2"]
[White "Barna, Janos"]
[Black "Meißner, Mogens"]
[Result "0-1"]
[WhiteElo "1322"]
[BlackElo "1364"]
[PlyCount "108"]
[EventDate "2016.??.??"]
[WhiteTeam "SC Leinfelden"]
[BlackTeam "SK Bietigheim-Bissingen"]

1. e4 e5 2. Nf3 Nc6 3. Bc4 Bc5 4. c3 Nf6 5. O-O O-O 6. d3 h6 7. Re1 d6 8. h3
Be6 9. b4 Bb6 10. Na3 a6 11. Be3 Re8 12. Bxe6 Rxe6 13. Nc4 Ba7 14. Bxa7 Nxa7
15. a4 b5 16. Ne3 Nc6 17. Nd5 Ne7 18. c4 c6 19. Ne3 Ng6 20. Nf5 Rb8 21. Qd2 d5
22. c5 dxe4 23. dxe4 Qxd2 24. Nxd2 Rd8 25. Nd6 Ne8 26. axb5 axb5 27. Nxe8 Rexe8
28. Nf3 f6 29. Ra6 Re6 30. g3 Rd3 31. Kg2 Rb3 32. Rd1 Rxb4 33. Ra8+ Kf7 34.
Ra7+ Re7 35. Ra6 Rc7 36. Rd6 Ne7 37. Nd2 Rb2 38. Rd8 Rc2 39. Raa8 Rxc5 40. Ra6
Rb7 41. f4 exf4 42. gxf4 b4 43. Rd3 Rc2 44. Kf3 Rc3 45. Ke2 Rxd3 46. Kxd3 g6
47. Nb3 f5 48. Nc5 Rb5 49. Nb3 fxe4+ 50. Kxe4 Kf6 51. Nd4 Rc5 52. Rb6 Rc3 53.
Rxb4 Nc8 54. Rb3 Nd6# 0-1

[Event "Int. Stuttgarter Stadtmeisterschaft C"]
[Site "Ditzingen"]
[Date "2016.05.06"]
[Round "4.3"]
[White "Dietrich, Malte"]
[Black "Liu, Sijia Anna"]
[Result "1-0"]
[WhiteElo "1317"]
[BlackElo "1419"]
[PlyCount "83"]
[EventDate "2016.??.??"]
[WhiteTeam "Rochade Metzingen"]
[BlackTeam "SV Stuttgart-Wolfbusch"]

1. d4 d5 2. c4 e6 3. Nc3 Nf6 4. a3 Nbd7 5. Nf3 c5 6. e3 b6 7. Bd3 dxc4 8. Bxc4
Bb7 9. O-O Rc8 10. b3 a6 11. a4 Bd6 12. Qe2 cxd4 13. Nxd4 O-O 14. Bb2 Bb4 15.
Rfc1 a5 16. Ba3 Bxa3 17. Rxa3 Ne5 18. Ncb5 Rc5 19. Ra2 Qb8 20. f3 Rfc8 21. Rac2
Nd5 22. Bxd5 Rxc2 23. Rxc2 Bxd5 24. e4 Bb7 25. Qd2 Rd8 26. Rc7 Ba6 27. Qc3 Rc8
28. f4 Rxc7 29. Qxc7 Qxc7 30. Nxc7 Nd3 31. Nxa6 Nxf4 32. Nb8 Nd3 33. Nd7 Nc1
34. Nxb6 e5 35. Nc6 Nxb3 36. Nxe5 Nc5 37. Nec4 Nxe4 38. Nxa5 Nc5 39. Kf2 Kf8
40. Ke3 Ke7 41. Kd4 Kd6 42. Nc8+ 1-0

[Event "Int. Stuttgarter Stadtmeisterschaft C"]
[Site "Ditzingen"]
[Date "2016.05.06"]
[Round "4.4"]
[White "Rashba, David"]
[Black "Thomas, Leonhard"]
[Result "0-1"]
[WhiteElo "1240"]
[BlackElo "1410"]
[PlyCount "82"]
[EventDate "2016.??.??"]
[WhiteTeam "SC Sillenbuch"]
[BlackTeam "SV Fellbach"]

1. e4 e5 2. Nf3 Nc6 3. Bc4 Bc5 4. d3 h6 5. c3 Nf6 6. Bb3 d6 7. h3 O-O 8. O-O
Be6 9. Bc2 Ne7 10. Nbd2 Ng6 11. Re1 Nf4 12. Nf1 Ng6 13. Ng3 Bb6 14. Nh4 Nxh4
15. Be3 Ng6 16. Qf3 Qd7 17. d4 Qc8 18. Nf5 Bxf5 19. exf5 Nh4 20. Qg3 Nxf5 21.
Bxf5 Qxf5 22. dxe5 dxe5 23. Bxb6 axb6 24. Rxe5 Qd7 25. Ree1 Rfe8 26. Red1 Qc6
27. a3 Re6 28. Qd3 Rae8 29. Qd2 Re2 30. Qc1 Qc5 31. Rf1 R8e6 32. b4 Qf5 33. a4
Ne4 34. f3 Ng3 35. Rd1 Rc2 36. Qb1 Ree2 37. Rd8+ Kh7 38. Qf1 Nxf1 39. Kxf1 Qg5
40. g4 Qe3 41. Rdd1 Qf2# 0-1

[Event "Int. Stuttgarter Stadtmeisterschaft C"]
[Site "Ditzingen"]
[Date "2016.05.06"]
[Round "4.5"]
[White "Leutschaft, Jonathan"]
[Black "Jelisavac, Nenad"]
[Result "0-1"]
[WhiteElo "1292"]
[BlackElo "1275"]
[PlyCount "106"]
[EventDate "2016.??.??"]
[WhiteTeam "SF Kornwestheim"]
[BlackTeam "Matt Inn Dortmund"]

1. e4 c5 2. Bc4 e6 3. Nc3 a6 4. a4 Nc6 5. Nf3 d6 6. d3 Nf6 7. Be3 d5 8. exd5
exd5 9. Qe2 dxc4 10. Bxc5+ Be7 11. dxc4 O-O 12. Rd1 Qc7 13. Be3 Bg4 14. Nd5
Nxd5 15. cxd5 Ne5 16. Bf4 Nxf3+ 17. gxf3 Qxf4 18. fxg4 Bf6 19. Kf1 Rfe8 20. Qd3
Qxa4 21. b3 Qxg4 22. c4 Qe4 23. Qxe4 Rxe4 24. h3 a5 25. Kg2 Rae8 26. Rc1 Re2
27. Rb1 Bc3 28. Rhf1 Re1 29. Rbxe1 Rxe1 30. Rxe1 Bxe1 31. c5 Bb4 32. c6 bxc6
33. dxc6 Bd6 34. Kf3 Kf8 35. Ke4 Ke7 36. Kd4 Ke6 37. Kc4 Bc7 38. Kc5 g5 39. f3
h5 40. Kb5 Kd6 41. b4 axb4 42. Kxb4 Kxc6 43. Kc4 Kd6 44. Kd4 Ke6 45. Ke4 f5+
46. Ke3 Kd5 47. Kf2 Kd4 48. Ke2 Bf4 49. Kf2 Kd3 50. Kf1 h4 51. Kf2 Bg3+ 52. Kf1
Ke3 53. Kg2 Ke2 0-1

[Event "Int. Stuttgarter Stadtmeisterschaft C"]
[Site "Ditzingen"]
[Date "2016.05.06"]
[Round "4.6"]
[White "Klebba, Adrian"]
[Black "Winkler, Robert"]
[Result "0-1"]
[WhiteElo "1121"]
[BlackElo "1413"]
[PlyCount "50"]
[EventDate "2016.??.??"]
[WhiteTeam "SV Altbach"]
[BlackTeam "SC Kreut"]

1. c4 b6 2. Nc3 Bb7 3. d4 e6 4. Bf4 Nf6 5. e3 d5 6. Nf3 dxc4 7. Bxc4 Bd6 8.
Bxd6 Qxd6 9. O-O O-O 10. Qc2 h6 11. Ne5 a6 12. Rfd1 Nbd7 13. Nxd7 Qxd7 14. a4
Qd6 15. h3 Rfd8 16. Bd3 Qc6 17. Bf1 Rd5 18. e4 Rd7 19. f3 Rad8 20. e5 Nd5 21.
Qd2 Nb4 22. Ne2 a5 23. Rdc1 Qd5 24. Ra3 Ba6 25. Rac3 Na2 0-1

[Event "Int. Stuttgarter Stadtmeisterschaft C"]
[Site "Ditzingen"]
[Date "2016.05.06"]
[Round "4.7"]
[White "Jünk, Ellen"]
[Black "Stecher, Oliver"]
[Result "0-1"]
[WhiteElo "1449"]
[BlackElo "1175"]
[PlyCount "46"]
[EventDate "2016.??.??"]
[WhiteTeam "SC Leinzell"]
[BlackTeam "SSV Zuffenhausen"]

1. e4 e5 2. Nf3 Nc6 3. d4 f6 4. d5 Na5 5. a3 b6 6. Nc3 Nb7 7. Nxe5 fxe5 8. Qh5+
Ke7 9. Qxe5+ Kf7 10. Be2 Nf6 11. Nb5 d6 12. Qf4 Be7 13. f3 Rf8 14. Nd4 Kg8 15.
g4 Nxd5 16. Qg3 Bh4 17. Bc4 Bxg3+ 18. hxg3 Qf6 19. Be3 Be6 20. Bxd5 Bxd5 21.
exd5 Rae8 22. Kf2 Nc5 23. Rag1 Re4 0-1

[Event "Int. Stuttgarter Stadtmeisterschaft C"]
[Site "Ditzingen"]
[Date "2016.05.06"]
[Round "4.8"]
[White "Winterkorn, Nikolaus"]
[Black "Fekete, Jochen"]
[Result "1/2-1/2"]
[WhiteElo "1376"]
[BlackElo "1151"]
[PlyCount "93"]
[EventDate "2016.??.??"]
[WhiteTeam "DJK Sportbund Stgt."]
[BlackTeam "Stuttgarter SF"]

1. Nf3 d5 2. d4 Nc6 3. c3 Nf6 4. Nbd2 e6 5. e3 a6 6. Bd3 Bd6 7. h3 e5 8. dxe5
Nxe5 9. Nxe5 Bxe5 10. O-O c6 11. Nf3 Bd6 12. Re1 O-O 13. Qc2 h6 14. b3 Be6 15.
Bb2 Be7 16. Rad1 Qc8 17. c4 Nd7 18. Bd4 Bf6 19. c5 Re8 20. Be2 Qc7 21. Nh2 Bxd4
22. Rxd4 Nf6 23. Bf3 Rad8 24. Nf1 Qc8 25. Ng3 Re7 26. Qc3 Qc7 27. Qd2 Red7 28.
Be2 Kf8 29. Qc3 Kg8 30. Bf3 Re7 31. Ne2 Red7 32. Nf4 Re7 33. Rb1 Bf5 34. Rb2
Be4 35. Be2 Rde8 36. Nh5 Nxh5 37. Bxh5 Qe5 38. Bd1 Qg5 39. f3 Bf5 40. f4 Qg3
41. Re2 Rxe3 42. Qb2 Rxe2 43. Bxe2 Qe1+ 44. Bf1 Re4 45. Rxe4 Qxe4 46. Qf2 d4
47. g4 1/2-1/2

[Event "Int. Stuttgarter Stadtmeisterschaft C"]
[Site "Ditzingen"]
[Date "2016.05.06"]
[Round "4.9"]
[White "Postler, Jonathan"]
[Black "Höhne, Christoph"]
[Result "1-0"]
[WhiteElo "1204"]
[BlackElo "1329"]
[PlyCount "125"]
[EventDate "2016.??.??"]
[WhiteTeam "TSV/RSK Esslingen"]
[BlackTeam "SC Ingersheim"]

1. d4 d6 2. c4 Nf6 3. Nc3 c6 4. Bg5 Qa5 5. Bxf6 exf6 6. e3 Be7 7. Nf3 Bg4 8.
Be2 Nd7 9. h3 Bh5 10. O-O O-O 11. Qb3 Qc7 12. d5 Nc5 13. Qa3 f5 14. b4 Ne4 15.
Nxe4 fxe4 16. Nd4 Bg6 17. dxc6 bxc6 18. b5 d5 19. Qa4 c5 20. Nc6 Bf6 21. Rad1
a6 22. Rxd5 axb5 23. Qxb5 Rxa2 24. Bg4 Rb2 25. Qxc5 Qb6 26. Ne7+ Bxe7 27. Qxe7
Rb1 28. Rxb1 Qxb1+ 29. Kh2 Qb8+ 30. g3 Re8 31. Qd7 h6 32. Rc5 Rd8 33. Rc8 Rxc8
34. Qxc8+ Qxc8 35. Bxc8 Kf8 36. Kg2 Ke7 37. Kf1 Kd6 38. Ke2 Kc5 39. Ba6 Bf5 40.
g4 Be6 41. f3 f5 42. gxf5 Bxf5 43. fxe4 Bxe4 44. Kf2 Bf5 45. h4 Kd6 46. Kf3 Ke5
47. Bb7 h5 48. c5 Bg4+ 49. Kg3 g6 50. c6 Kd6 51. Kf4 Be6 52. Kg5 Bf5 53. Kf4
Be6 54. e4 Ke7 55. c7 Kf6 56. c8=Q Bxc8 57. Bxc8 Ke7 58. Kg5 Kf7 59. e5 Kg7 60.
e6 Kf8 61. Kxg6 Ke7 62. Kxh5 Kf8 63. Kg6 1-0

[Event "Int. Stuttgarter Stadtmeisterschaft C"]
[Site "Ditzingen"]
[Date "2016.05.06"]
[Round "4.10"]
[White "Hammann, Peter"]
[Black "Erhardt, Kristian"]
[Result "0-1"]
[WhiteElo "1062"]
[BlackElo "1288"]
[PlyCount "86"]
[EventDate "2016.??.??"]
[WhiteTeam "Rochade Metzingen"]
[BlackTeam "Schach-Kids Bernhausen"]

1. c4 c5 2. Nc3 g6 3. b3 Bg7 4. Bb2 d6 5. f4 Nc6 6. Nf3 e6 7. e3 Nge7 8. Be2
O-O 9. O-O a6 10. Qc2 Rb8 11. Rad1 b5 12. cxb5 Nb4 13. Qb1 axb5 14. a3 Nbd5 15.
Nxb5 Ba6 16. a4 Nc7 17. Bxg7 Kxg7 18. Qb2+ Kg8 19. Nc3 Bxe2 20. Nxe2 Rb4 21.
Qc2 Qb8 22. Rb1 Qb6 23. Rb2 Rb8 24. Rfb1 c4 25. Nc3 Ned5 26. Nb5 cxb3 27. Rxb3
Rxb3 28. Rxb3 Ne7 29. Nbd4 Qa7 30. Rxb8+ Qxb8 31. e4 Qa7 32. Kf1 Ne8 33. g4 e5
34. fxe5 dxe5 35. Nc6 Qa6+ 36. d3 Qxc6 37. Qb3 Qf6 38. Kf2 Nc6 39. Kg3 Qf4+ 40.
Kg2 Qxg4+ 41. Kf2 Qxf3+ 42. Ke1 Nd4 43. Kd2 Nxb3+ 0-1

[Event "Int. Stuttgarter Stadtmeisterschaft C"]
[Site "Ditzingen"]
[Date "2016.05.06"]
[Round "4.11"]
[White "Hilger, Herbert"]
[Black "Reichmann, Bernd"]
[Result "1-0"]
[WhiteElo "1261"]
[BlackElo "1084"]
[PlyCount "97"]
[EventDate "2016.??.??"]
[WhiteTeam "SV Stuttgart-Wolfbusch"]
[BlackTeam "SV Fellbach"]

1. e4 e5 2. Nf3 Nc6 3. Bb5 d6 4. d4 exd4 5. Nxd4 Bd7 6. O-O Be7 7. Re1 h6 8.
Be3 Nf6 9. Nd2 Nxd4 10. Bxd7+ Nxd7 11. Bxd4 Bf6 12. c3 Bxd4 13. cxd4 O-O 14.
Qb3 b6 15. Rac1 Kh8 16. Re3 Rc8 17. Qa3 a5 18. d5 f5 19. f3 fxe4 20. fxe4 Qh4
21. Rf3 Rxf3 22. Qxf3 Qf6 23. Qxf6 Nxf6 24. h3 Kg8 25. Kf2 Kf7 26. Ke3 Nd7 27.
a3 Nc5 28. b4 axb4 29. axb4 Nd7 30. Ra1 Kf6 31. Rf1+ Ke7 32. Kd4 Rf8 33. Rxf8
Kxf8 34. Nf3 Kf7 35. g4 g5 36. e5 dxe5+ 37. Nxe5+ Nxe5 38. Kxe5 Ke7 39. b5 Kf7
40. d6 Ke8 41. dxc7 Kd7 42. c8=Q+ Kxc8 43. Kf6 Kd7 44. Kg6 Kd6 45. Kxh6 Kc5 46.
Kxg5 Kxb5 47. h4 Kc5 48. h5 b5 49. h6 1-0

[Event "Int. Stuttgarter Stadtmeisterschaft C"]
[Site "Ditzingen"]
[Date "2016.05.06"]
[Round "4.12"]
[White "Hoffmann, Julian"]
[Black "Fechner, Andreas"]
[Result "1/2-1/2"]
[WhiteElo "912"]
[BlackElo "1252"]
[PlyCount "48"]
[EventDate "2016.??.??"]
[WhiteTeam "Schach-Kids Bernhausen"]
[BlackTeam "SC Magstadt"]

1. c4 e5 2. d3 Nf6 3. Nc3 d6 4. h3 Nc6 5. e4 g6 6. Nf3 Bg7 7. Be3 O-O 8. Qd2
Be6 9. a3 Qd7 10. Ng5 Na5 11. Qc2 c5 12. b4 cxb4 13. axb4 Nc6 14. b5 Ne7 15.
Nxe6 fxe6 16. g3 d5 17. cxd5 exd5 18. d4 Rfc8 19. Qd3 Qc7 20. Rc1 Qa5 21. Bd2
Qd8 22. dxe5 Nxe4 23. Nxe4 Rxc1+ 24. Bxc1 Qa5+ 1/2-1/2

[Event "Int. Stuttgarter Stadtmeisterschaft C"]
[Site "Ditzingen"]
[Date "2016.05.06"]
[Round "4.15"]
[White "Bierkant, Sinan"]
[Black "Lautner, Peter"]
[Result "0-1"]
[WhiteElo "928"]
[BlackElo "1495"]
[PlyCount "120"]
[EventDate "2016.??.??"]
[WhiteTeam "GSV Hemmingen"]
[BlackTeam "SC Kreut"]

1. d4 Nf6 2. Nc3 d5 3. Bg5 e6 4. e3 c5 5. Bf4 a6 6. Nf3 Nbd7 7. Be2 b5 8. a3
Bb7 9. O-O Rc8 10. Ne5 Be7 11. Nxd7 Qxd7 12. h3 O-O 13. Rb1 cxd4 14. exd4 b4
15. axb4 Bxb4 16. Na2 Be7 17. c3 Rfe8 18. Nc1 Qc6 19. Nd3 Nd7 20. Be5 Nxe5 21.
Nxe5 Qc7 22. Qd2 Bd6 23. Qe3 f6 24. Nf3 Bf4 25. Qd3 Qe7 26. g3 Bb8 27. Qe3 Qd7
28. Ra1 Rc6 29. Rfe1 e5 30. dxe5 fxe5 31. Red1 Qxh3 32. Bf1 Qd7 33. Ra5 Rf6 34.
Bc4 Rh6 35. Bxd5+ Bxd5 36. Raxd5 Qh3 37. Nh4 Qc8 38. Rc5 Qg4 39. Re1 Rxh4 40.
Qe2 Qxe2 41. Rxe2 Rh6 42. f4 Ba7 43. Rexe5 Rxe5 44. fxe5 Bxc5+ 45. Kg2 Rb6 46.
b4 Be7 47. Kf3 Rc6 48. Ke4 Rxc3 49. Kd4 Rxg3 50. Kc4 Rg4+ 51. Kd5 Kf7 52. Kc6
Rxb4 53. Kd5 a5 54. e6+ Kf6 55. Kc6 a4 56. Kd7 a3 57. Ke8 a2 58. Kd7 a1=Q 59.
Kc6 Qc3+ 60. Kd5 Qc5# 0-1